Designing cities. Basics, principles, projects
Saved in:
| Main Author: | |
|---|---|
| Format: | Book |
| Language: | English |
| Published: |
Basel :
Birkhäuser,
2013
|
| Subjects: | |
| Tags: |
No Tags, Be the first to tag this record!
|
MARC
| LEADER | 00000nam a22000003a 4500 | ||
|---|---|---|---|
| 001 | stu278886 | ||
| 005 | 20150617230234.6 | ||
| 008 | 131128s2013------------------------eng-d | ||
| 020 | |a 978-3-0346-1325-5 | ||
| 040 | |a STU |b slo | ||
| 041 | 0 | |a eng | |
| 100 | 1 | |a Schenk, Leonhard |4 aut | |
| 245 | 1 | |a Designing cities. Basics, principles, projects | |
| 260 | |a Basel : |b Birkhäuser, |c 2013 | ||
| 300 | |a 355 s | ||
| 650 | 7 | |a urbanizmus sídiel |2 stusub | |
| 650 | 7 | |a mesto |2 stusub | |
| 650 | 7 | |a urban design |2 estusub | |
| 996 | |b 284AU05983 |c A*8836 U |l AAKNAR |s A |a 24 |w stu278886_0001 | ||
| 996 | |b 284AU06768 |c A* 9844/U |l AAKNST |s P |a 0 |w stu278886_0002 | ||